00179nam a2200073Ia 4500008004100000020001900041082002000060245002500080210430s9999 xx 000 0 und d a3119-3119-3119 a891.439 B9328 P aPitras Kay Mazameen